[Event "ch-PriFO A"]
[Site "Tolyatti RUS"]
[Date "2011.03.12"]
[Round "3.8"]
[White "Filipenko,A"]
[Black "Voitsekhovsky,S"]
[Result "0-1"]
[WhiteElo "2344"]
[BlackElo "2553"]

1.e4 c5 2.Nf3 d6 3.d4 cxd4 4.Nxd4 Nf6 5.Nc3 a6 6.g3 e5 7.Nb3 Be7 8.Bg2 b5
9.Nd5 Nxd5 10.Qxd5 Ra7 11.Be3 Be6 12.Qd2 Rd7 13.O-O d5 14.exd5 Bxd5 15.Bxd5 Rxd5
16.Qe2 O-O 17.Rfd1 Nc6 18.a4 bxa4 19.Rxd5 Qxd5 20.Rxa4 Nb4 21.Ra5 Qe4 22.c3 Qb1+
23.Kg2 Nd3 24.Bc5 Ne1+ 25.Kh3 h5 26.Bxe7 Qf5+ 27.g4 hxg4+ 28.Qxg4 Qd3+ 29.Qg3 Qd7+
30.Qg4 Qxe7 31.Nc5 Rd8 32.Qe2 Qf6 33.Qxe1 Qf3+ 34.Kh4 f6 35.Ne6 Rd3 36.Qf1 g5+
37.Nxg5 Qf4+  0-1

[Event "XLII Abierto Internacional"]
[Site "Mar del Plata ARG"]
[Date "2011.04.17"]
[Round "3.8"]
[White "Fiori,A"]
[Black "Fusco,L"]
[Result "0-1"]
[WhiteElo "2166"]
[BlackElo "2371"]

1.e4 c5 2.Nf3 d6 3.d4 cxd4 4.Nxd4 Nf6 5.Nc3 a6 6.g3 e5 7.Nde2 Nbd7 8.Bg2 b5
9.O-O Bb7 10.h3 Nb6 11.g4 b4 12.Nd5 Nfxd5 13.exd5 Be7 14.Ng3 O-O 15.b3 Bg5
16.Bxg5 Qxg5 17.a3 bxa3 18.Nf5 Rad8 19.Qe1 Bxd5 20.Qa5 Bxg2 21.Kxg2 Nc8 22.Rxa3 g6
23.Ng3 d5 24.Qxa6 e4 25.Ra4 Qe5 26.Qe2 Rfe8 27.f4 Qc3 28.f5 d4 29.Rc4 Qa5
30.Qf2 Qd5 31.Kh2 e3 32.Qg2 Qe5 33.Qe2 Nd6 34.fxg6 hxg6 35.Rc6 Ne4 36.Rf3 Rc8
37.Rxc8 Rxc8 38.Kg2 Nxg3  0-1

[Event "34th Open"]
[Site "Donostia ESP"]
[Date "2011.04.21"]
[Round "6"]
[White "Silva Rodriguez,J"]
[Black "Garro Beraza,J"]
[Result "1-0"]
[WhiteElo "2103"]
[BlackElo "1889"]

1.e4 c5 2.Nf3 d6 3.d4 cxd4 4.Nxd4 Nf6 5.Nc3 a6 6.g3 e6 7.Bg2 Be7 8.O-O O-O
9.a4 Nc6 10.Nb3 Qc7 11.Be3 Ne5 12.f4 Nc4 13.Bc1 Rb8 14.Nd4 e5 15.fxe5 dxe5
16.Nf5 Bxf5 17.Rxf5 Rbc8 18.Qe2 Rfd8 19.Bh3 Qc5+ 20.Kh1 Rc6 21.g4 Qd4 22.g5 Ne8
23.Nd5 Bc5 24.Rf1 f5 25.Bxf5 Nxb2 26.Qf3 Nc7 27.c3  1-0

[Event "Caissa IM April 2011"]
[Site "Kecskemet HUN"]
[Date "2011.04.21"]
[Round "6.3"]
[White "Sahu,Se"]
[Black "Ilincic,Z"]
[Result "1/2-1/2"]
[WhiteElo "2233"]
[BlackElo "2471"]

1.e4 c5 2.Nf3 d6 3.d4 cxd4 4.Nxd4 Nf6 5.Nc3 a6 6.g3 h5 7.Bg5 Qa5 8.Qd2 Nc6
9.Nb3 Qc7 10.Be2 e6 11.O-O-O Bd7 12.Kb1 Be7 13.f4 O-O-O 14.Rhf1 Kb8 15.Rf3 Bc8
16.Qe1 Ng8 17.Bxe7 Ngxe7 18.Rfd3 Nb4 19.Rd4 Nbc6 20.R4d3 Nb4 21.Rd4  1/2-1/2

[Event "Duflex Cup IM 2011"]
[Site "Frydek Mistek CZE"]
[Date "2011.04.24"]
[Round "8"]
[White "Petenyi,T"]
[Black "Obrusnik,M"]
[Result "0-1"]
[WhiteElo "2369"]
[BlackElo "2192"]

1.e4 c5 2.Nf3 d6 3.d4 cxd4 4.Nxd4 Nf6 5.Nc3 a6 6.g3 e6 7.Bg2 Be7 8.O-O Qc7
9.Be3 Nc6 10.f4 O-O 11.Nb3 b5 12.Qf3 Bb7 13.g4 b4 14.Ne2 Na5 15.Ng3 d5 16.exd5 Bxd5
17.Qd1 Rfd8 18.Nd4 Nc4 19.Bf2 Bxg2 20.Kxg2 Qxf4 21.Qd3 Nxg4 22.Qxc4 Qxf2+
23.Rxf2 Ne3+ 24.Kh3 Nxc4 25.Nc6 Rd7 26.Rf4 Ne3 27.Re1 Nd5 28.Rf3 Bf6 29.Ne5 Rc7
30.Ng4 Rxc2 31.Nh5 Bxb2 32.Rg1 Rc3 33.Rxc3 Bxc3 34.Rg3 f5 35.Nf2 g6 36.Nd3 Kf7
37.Nhf4 Nxf4+ 38.Nxf4 Be5 39.Rf3 Bxf4 40.Rxf4 Rb8 41.Rc4 b3 42.axb3 Rxb3+
43.Kg2 Kf6  0-1

[Event "ch-RUS Rapid"]
[Site "Olginka RUS"]
[Date "2011.04.26"]
[Round "8"]
[White "Popov,Iv RUS"]
[Black "Sjugirov,S"]
[Result "1/2-1/2"]
[WhiteElo "2613"]
[BlackElo "2643"]

1.e4 c5 2.Nf3 d6 3.d4 cxd4 4.Nxd4 Nf6 5.Nc3 a6 6.g3 e5 7.Nb3 Be7 8.Bg2 b5
9.a4 b4 10.Nd5 Nxd5 11.Qxd5 Ra7 12.Be3 Be6 13.Qd3 Rb7 14.O-O Qc7 15.Nd2 O-O
16.f4 Rc8 17.f5 Bc4 18.Nxc4 Qxc4 19.Rfc1 Qxd3 20.cxd3 Rbc7 21.Bf1 Rxc1 22.Rxc1 Rxc1
23.Bxc1 a5 24.d4 Nc6 25.dxe5 dxe5 26.Be3 Nd4 27.Bc4 Kf8 28.Kf2 h6 29.h4 Bd8
30.Kg2 Be7 31.b3 Bc5 32.Bd2 Nc2 33.Kf3 Nd4+ 34.Kg4 Ke7 35.Bc1 Nc2 36.Kf3 Nd4+
37.Kg2  1/2-1/2

[Event "ch-UKR semi-final"]
[Site "Alushta UKR"]
[Date "2011.05.06"]
[Round "4.49"]
[White "Mamonova,Y"]
[Black "Dzupin,D"]
[Result "0-1"]
[WhiteElo "2022"]
[BlackElo "2250"]

1.e4 c5 2.Nf3 d6 3.Nc3 Nf6 4.d4 cxd4 5.Nxd4 a6 6.g3 Bd7 7.Bg2 Nc6 8.O-O e6
9.h3 Be7 10.g4 O-O 11.Nde2 Rc8 12.Be3 b5 13.a3 Ne5 14.b3 Qc7 15.g5 Nh5 16.f4 Ng6
17.Qe1 d5 18.f5 Bc5 19.Bxc5 Qxc5+ 20.Qf2 Nh4 21.Qxc5 Rxc5 22.fxe6 fxe6 23.Rxf8+ Kxf8
24.Rf1+ Ke7 25.exd5 Nxg2 26.Kxg2 exd5 27.b4 Rc4 28.Nxd5+ Ke6 29.Ne3 Bc6+
30.Kf2 Rh4 31.Ng2 Re4 32.Ng3 Nxg3 33.Kxg3 Rc4 34.Re1+ Kf7 35.Ne3 Rc3 36.Kf2 Rxa3
37.Rd1 Ra4 38.c3 Ra3 39.Rd3 a5 40.Ng4 Ke6 41.Re3+ Kd6 42.Rd3+ Kc7 43.Re3 a4
44.Ne5 Bd5 45.Rd3 Be6 46.h4 Ra1 47.Ke3 a3 48.c4 a2  0-1

[Event "ch-UKR semi-final"]
[Site "Alushta UKR"]
[Date "2011.05.08"]
[Round "6.17"]
[White "Sharapov,E"]
[Black "Solovchuk,A"]
[Result "0-1"]
[WhiteElo "2497"]
[BlackElo "2348"]

1.e4 c5 2.Nf3 d6 3.d4 cxd4 4.Nxd4 Nf6 5.Nc3 a6 6.g3 e5 7.Nb3 Be7 8.Bg2 O-O
9.O-O Nbd7 10.a4 b6 11.Re1 Bb7 12.Nd2 Rc8 13.Nf1 Nc5 14.h3 Rc7 15.Bg5 Ne8
16.Bd2 Nf6 17.b4 Ncd7 18.Ne3 Qc8 19.Ra3 Re8 20.Qe2 Bf8 21.Qd3 Rc6 22.Rc1 a5
23.bxa5 bxa5 24.Nb5 Nc5 25.Qe2 Ra6 26.Nd5 Bxd5 27.exd5 Nfd7 28.Rb1 Ra8 29.Nc3 Qc7
30.Rb5 Reb8 31.Ra2 Rxb5 32.Nxb5 Qb8 33.Be3 Be7 34.c3 Bd8 35.Kh2 Bb6 36.Qc4 Qf8
37.f4 Rc8 38.Qf1 Nxa4 39.Rxa4 Bxe3 40.fxe5 Nxe5 41.Rxa5 Bc5 42.Ra6 Ra8 43.Qa1 Rxa6
44.Qxa6 g6 45.Qb7 h5 46.Qc7 Qh6 47.Nxd6 Ng4+  0-1

[Event "ch-Euro Indiv Women"]
[Site "Tbilisi GEO"]
[Date "2011.05.13"]
[Round "7"]
[White "Kovanova,B"]
[Black "Tereladze,S"]
[Result "1-0"]
[WhiteElo "2361"]
[BlackElo "2177"]

1.e4 c5 2.Nf3 d6 3.d4 cxd4 4.Nxd4 Nf6 5.Nc3 a6 6.g3 e5 7.Nde2 b5 8.a4 Bb7
9.Bg5 b4 10.Nd5 Nbd7 11.Bh3 Bxd5 12.exd5 Be7 13.O-O O-O 14.c3 Rb8 15.c4 Ne4
16.Be3 a5 17.b3 Nec5 18.Qc2 Re8 19.Rad1 Bg5 20.Bxd7 Nxd7 21.Bxg5 Qxg5 22.f4 Qg6
23.Qxg6 hxg6 24.fxe5 Rxe5 25.Nd4 Re3 26.Rfe1 Rc3 27.Re7 Nc5 28.Rf1 Rf8 29.Nb5 Rxb3
30.Nxd6 f5 31.Rc7 Ne4 32.Nxe4 fxe4 33.d6 Rd3 34.c5 e3 35.d7 e2 36.Rxf8+ Kxf8
37.Kf2 b3 38.Rb7 Ke7 39.c6 Rd6 40.Rb8 b2 41.c7 e1=Q+ 42.Kxe1 b1=Q+ 43.Rxb1 Kxd7
44.Rc1 Kc8 45.Rc5 Rd4 46.Rxa5 Kxc7 47.Ra7+ Kd6 48.Rxg7 Rxa4 49.Rxg6+ Ke5
50.h4 Ra2 51.h5 Rh2 52.g4 Kf4 53.h6 Ke3 54.Kd1 Kd3 55.Kc1 Kc3 56.Rc6+ Kd4
57.g5 Ke5 58.Rg6  1-0

[Event "zt 2.5"]
[Site "Asuncion PAR"]
[Date "2011.05.16"]
[Round "1"]
[White "Lujan,C"]
[Black "Gamarra,R"]
[Result "1-0"]
[WhiteElo "2353"]
[BlackElo "2009"]

1.e4 c5 2.Nf3 d6 3.d4 cxd4 4.Nxd4 Nf6 5.Nc3 a6 6.g3 e5 7.Nb3 Be6 8.Bg2 Nbd7
9.a4 b6 10.O-O Be7 11.Re1 O-O 12.Nd2 Qc7 13.Nf1 Rfc8 14.Ne3 Bf8 15.f4 Nc5
16.f5 Bd7 17.Ned5 Nxd5 18.Nxd5 Qd8 19.Qg4 Kh8 20.b3 Bc6 21.Rd1 Bxd5 22.Rxd5 Nd7
23.Qe2 Qc7 24.c4 Nf6 25.Rd1 h6 26.g4 Nh7 27.Be3 Be7 28.Ra2 Rab8 29.Bf2 Qc6
30.Rda1 a5 31.Rd1 Kg8 32.Rad2 Rd8 33.h4 Qc7 34.Bf3 Bf6 35.Kg2 Qe7 36.Rh1 Nf8
37.Qd1 Nh7 38.Qg1 Qc7 39.Be3 Rd7 40.Qh2 Kf8 41.Qg3 b5 42.axb5 a4 43.bxa4 Qxc4
44.g5 Bd8 45.gxh6 Bf6 46.hxg7+ Kg8 47.b6 Qxa4 48.Rc1 Bd8 49.h5 Qa3 50.Re2 Bxb6
51.Rb1 Ba7 52.Rxb8+ Bxb8 53.h6 Rb7 54.Qh4 f6 55.Rc2 Rc7 56.Qf2 Qd3 57.Rxc7 Bxc7
58.Qa2+  1-0

[Event "ch-Flanders 2011"]
[Site "Ghent BEL"]
[Date "2011.06.04"]
[Round "5.2"]
[White "Cools,G"]
[Black "Van der Stricht,G"]
[Result "0-1"]
[WhiteElo "2230"]
[BlackElo "2373"]

1.e4 c5 2.Nf3 d6 3.d4 cxd4 4.Nxd4 Nf6 5.Nc3 a6 6.g3 e5 7.Nde2 Be7 8.Bg2 b5
9.h3 Nbd7 10.g4 b4 11.Nd5 Nxd5 12.exd5 a5 13.Ng3 Ba6 14.Be3 Bg5 15.Bxg5 Qxg5
16.Ne4 Qe7 17.Qd2 O-O 18.g5 f5 19.gxf6 Nxf6 20.Ng3 Nd7 21.O-O-O Nc5 22.Rhg1 Qh4
23.Bf1 Bxf1 24.Rdxf1 Rf3 25.Qe2 Raf8 26.Kb1 g6 27.Qb5 a4 28.Qb6 a3 29.Rd1 Rxf2
30.Qxd6 Qc4 31.Rc1 axb2  0-1

[Event "Portuguese Masters"]
[Site "Vila Nova de Gaia POR"]
[Date "2011.06.12"]
[Round "9.4"]
[White "Vasques,A"]
[Black "Diogo,V"]
[Result "0-1"]
[WhiteElo "2175"]
[BlackElo "2304"]

1.e4 c5 2.Nf3 d6 3.d4 cxd4 4.Nxd4 Nf6 5.Nc3 a6 6.g3 e5 7.Nb3 Bg4 8.f3 Be6
9.Be3 Be7 10.Qd2 O-O 11.O-O-O b5 12.g4 b4 13.Nd5 Bxd5 14.exd5 a5 15.Kb1 a4
16.Nc1 Ra5 17.Bc4 Na6 18.h4 Qc7 19.b3 Nc5 20.g5 Nh5 21.Bxc5 Rxc5 22.Nd3 Rxc4
23.bxc4 Rb8 24.Nxe5 b3 25.cxb3 axb3 26.Nc6 bxa2+ 27.Ka1 Ra8 28.Rhe1 Bf8 29.g6 hxg6
30.Rc1 g5 31.Rc2 g6 32.Rxa2 Bg7+ 33.Kb1 Rxa2 34.Qxa2 Qb6+ 35.Kc1 gxh4 36.Qc2 Qc5
37.Qd3 Nf4 38.Qe4 Qa3+ 39.Kd2 Bc3+ 40.Ke3 Bxe1+ 41.Kxf4 Bd2+  0-1

[Event "Voronezh FIDE Open"]
[Site "Voronezh RUS"]
[Date "2011.06.15"]
[Round "4.6"]
[White "Kiselev,AS"]
[Black "Torshin,An2"]
[Result "0-1"]
[WhiteElo "2242"]
[BlackElo "2148"]

1.e4 c5 2.Nf3 d6 3.d4 cxd4 4.Nxd4 Nf6 5.Nc3 a6 6.g3 g6 7.Bg2 Bg7 8.O-O O-O
9.h3 Bd7 10.Be3 Nc6 11.Nde2 Qa5 12.Nd5 Nxd5 13.exd5 Ne5 14.Bd4 Rac8 15.f4 Nc4
16.Bxg7 Kxg7 17.Qd4+ Kg8 18.b3 Na3 19.b4 Qb5 20.Qe4 Bf5 21.Qf3 Nxc2 22.Rac1 Bd3
23.Rf2 Nd4 24.Nxd4 Rxc1+ 25.Kh2 Qc4 26.Nb3 Rc2 27.Rd2 Qc3 28.Qd1 Rc8 29.f5 Bxf5  0-1

[Event "NK Internet Final 2011"]
[Site "PlayChess.com INT"]
[Date "2011.06.18"]
[Round "1.3"]
[White "Kleijn,C"]
[Black "Van Kampen,R"]
[Result "0-1"]
[WhiteElo "2429"]
[BlackElo "2490"]

1.e4 c5 2.Nf3 d6 3.Nc3 a6 4.d4 cxd4 5.Nxd4 Nf6 6.g3 e6 7.Bg2 Be7 8.O-O O-O
9.b3 Bd7 10.Bb2 Nc6 11.h3 Re8 12.Qd2 Nxd4 13.Qxd4 Bc6 14.Rad1 Qc7 15.Kh2 Bf8
16.f4 Rad8 17.Qe3 b5 18.Rd2 b4 19.Ne2 Nd7 20.c4 bxc3 21.Qxc3 Qb7 22.Qe3 Nc5
23.Nc3 Rc8 24.Rfd1 Nd7 25.Re1 Nf6 26.g4 Nd7 27.g5 g6 28.Red1 Nb6 29.Rxd6 Bxd6
30.Rxd6 Nc4 31.bxc4 Qxb2 32.Rd2 Qa3 33.Qd4 Rcd8 34.Qxd8 Rxd8 35.Rxd8+ Kg7
36.Rd3 Qb2 37.Rg3 Kf8 38.Rf3 Qb4 39.Kg3 Qxc4 40.Re3 Qd4 41.Rf3 Bxe4 42.Nxe4 Qxe4
43.h4 Qe1+ 44.Kh3 Qa5 45.a3 Qd2 46.Kg3 Kg7 47.Kh3 h6 48.Kg3 a5 49.Kh3 Qd4
50.Kg3 hxg5 51.hxg5 e5 52.fxe5 Qxe5+ 53.Kg4 Qd4+ 54.Kg3 Kf8 55.Bh3 Qe5+ 56.Kh4 Qe1+
57.Kg4 Qg1+ 58.Kh4 Kg7 59.Bg4 Qe1+ 60.Kh3 Kf8 61.Rf4 Qe3+ 62.Rf3 Qxg5  0-1

[Event "TCh-TUR 2011"]
[Site "Konya TUR"]
[Date "2011.07.02"]
[Round "6"]
[White "Afyoncu,O"]
[Black "Kucumenler,T"]
[Result "1-0"]
[WhiteElo "2112"]
[BlackElo "2076"]

1.e4 c5 2.Nf3 d6 3.d4 cxd4 4.Nxd4 Nf6 5.Nc3 a6 6.g3 g6 7.Bg2 Bg7 8.O-O Bg4
9.Qd3 O-O 10.h3 Bd7 11.Nb3 Nc6 12.a4 Rc8 13.f4 Nb4 14.Qe2 Be6 15.Rd1 Bc4
16.Qf2 Nxc2 17.Qxc2 Qb6+ 18.Nd4 e5 19.a5 Qa7 20.Be3 exd4 21.Bxd4 Qb8 22.Qf2 Qc7
23.e5 dxe5 24.Bxe5 Qe7 25.Bd6 Qe6 26.Bxf8 Bxf8 27.Kh2 Rc5 28.Bf3 h5 29.Rd8 Qf5
30.Ne4 Rc6 31.Nxf6+ Rxf6 32.h4 Kg7 33.Qd4 Qc2+ 34.Bg2 Bb4 35.Rc8  1-0

[Event "TCh-TUR 2011"]
[Site "Konya TUR"]
[Date "2011.07.04"]
[Round "7"]
[White "Tulay,S"]
[Black "Alev,G"]
[Result "1-0"]
[WhiteElo "1778"]
[BlackElo "1605"]

1.e4 c5 2.Nf3 d6 3.d4 cxd4 4.Nxd4 Nf6 5.Nc3 a6 6.g3 e6 7.Bg2 Be7 8.O-O O-O
9.Kh1 Qc7 10.h3 Nbd7 11.f4 Rb8 12.a4 Qa5 13.g4 Nc5 14.g5 Ne8 15.Bd2 Qc7 16.f5 Qd8
17.Qh5 e5 18.Nde2 g6 19.Qh6 gxf5 20.exf5 Qd7 21.f6 Bd8 22.b4 Nxa4 23.Rxa4 b5
24.Ra3 Kh8 25.Nd5 Rg8 26.Be4 Qxh3+ 27.Rxh3  1-0

[Event "TCh-TUR 2011"]
[Site "Konya TUR"]
[Date "2011.07.05"]
[Round "9"]
[White "Asikuzun,B"]
[Black "Uzun,S"]
[Result "1/2-1/2"]
[WhiteElo "1842"]
[BlackElo "1967"]

1.e4 c5 2.Nf3 d6 3.d4 cxd4 4.Nxd4 Nf6 5.Nc3 a6 6.g3 e5 7.Nde2 Be6 8.Bg2 Be7
9.O-O b5 10.h3 O-O 11.g4 b4 12.Nd5 Bxd5 13.exd5 Nbd7 14.Ng3 Ne8 15.Qd2 Rb8
16.Nf5 g6 17.Nxe7+ Qxe7 18.Qe2 f5 19.gxf5 gxf5 20.f4 e4 21.Qxa6 Ndf6 22.Qc4 Nc7
23.Be3 Rfc8 24.Qb3 Qf7 25.Bd4 Nfxd5 26.Rad1 Ne7 27.Qg3+ Qg6 28.Qh4 Ncd5 29.Kh1 Qf7
30.Qg5+ Qg6 31.Qh4 Qf7 32.Rd2 Ng6 33.Qh6 Nf6 34.Qg5 Nd7 35.h4 Kf8 36.Bh3 Ne7
37.Qh6+ Ke8 38.Rg1 Nf8 39.Rg7 Qe6 40.Qh5+ Kd8 41.Be5 Rb6 42.Rxe7 Qxe7 43.Qxf5 Rc5
44.Bf6 Rxf5 45.Bxe7+ Kxe7 46.Bxf5 e3 47.Re2 Kf6 48.Bd3 Ng6 49.f5 Nf4 50.Rxe3 Nxd3
51.Rxd3 Kxf5 52.Kg2 Rc6 53.Rd2 Rc4 54.Kg3 Rg4+ 55.Kh3 Rc4 56.Kg3 Rg4+ 57.Kh3 Rc4
58.Kg3 Rg4+ 59.Kh3 Ke5  1/2-1/2

[Event "38th ch-IND w Challengers"]
[Site "Chennai IND"]
[Date "2011.07.07"]
[Round "8"]
[White "Savetha,C"]
[Black "Cholleti,S"]
[Result "1-0"]
[WhiteElo "1992"]
[BlackElo "2023"]

1.e4 c5 2.Nf3 d6 3.d4 cxd4 4.Nxd4 Nf6 5.Nc3 a6 6.g3 e5 7.Nde2 Be7 8.Bg2 b6
9.O-O Bb7 10.h3 Nbd7 11.g4 g6 12.Bh6 Nc5 13.Ng3 Ne6 14.Qd2 Rg8 15.Be3 h5
16.g5 Nh7 17.h4 f6 18.Bh3 Nf4 19.Bxf4 exf4 20.Be6 Rf8 21.Nxh5 gxh5 22.g6 f5
23.gxh7 Bxh4 24.Qxf4 Qf6 25.Bxf5 Kd8 26.Rfd1 Kc7 27.Nd5+ Bxd5 28.Rxd5 Rad8
29.Rad1 Rfe8 30.Kf1 Bg5 31.Qg3 h4 32.Qd3 Qxb2 33.Rxd6 b5 34.Rd7+ Kb8 35.Qd6+  1-0

[Event "Lev Polugaevsky Mem"]
[Site "Samara RUS"]
[Date "2011.07.08"]
[Round "4"]
[White "Eryshkanova,A"]
[Black "Sadykov,Ra"]
[Result "0-1"]
[WhiteElo "2122"]
[BlackElo "2230"]

1.e4 c5 2.Nf3 d6 3.d4 cxd4 4.Nxd4 Nf6 5.Nc3 a6 6.g3 e5 7.Nb3 Be7 8.Bg2 Qc7
9.Be3 b5 10.O-O Nbd7 11.Qd3 Bb7 12.h3 O-O 13.g4 Rac8 14.Rac1 Nb6 15.g5 Nh5
16.Qe2 g6 17.Nd2 f6 18.gxf6 Rxf6 19.Bxb6 Qxb6 20.Nd5 Bxd5 21.exd5 Rcf8 22.Qe3 Qb8
23.Ne4 Rf4 24.Ng3 Ng7 25.Ne2 R4f7 26.b3 Bd8 27.c4 Bb6 28.Qd3 Bxf2+ 29.Kh1 b4
30.Ra1 Nh5 31.a3 a5 32.axb4 axb4 33.Ra5 Qd8 34.Rfa1 Kg7 35.Rb5 Qh4 36.Kh2 Nf6
37.Rxb4 Ng4+  0-1

[Event "SPA Open A"]
[Site "Amsterdam NED"]
[Date "2011.07.09"]
[Round "1"]
[White "Volkers,A"]
[Black "Visser,HJ"]
[Result "0-1"]
[WhiteElo "2046"]
[BlackElo "2225"]

1.e4 c5 2.Nf3 d6 3.d4 cxd4 4.Nxd4 Nf6 5.Nc3 a6 6.g3 e5 7.Nde2 Nbd7 8.Bg2 b5
9.O-O Be7 10.h3 Nc5 11.g4 b4 12.g5 bxc3 13.gxf6 Bxf6 14.Nxc3 O-O 15.Be3 Ne6
16.Nd5 Rb8 17.b3 Bg5 18.Re1 g6 19.Qd2 Bxe3 20.Rxe3 Bb7 21.Rd3 Bxd5 22.Rxd5 Nf4
23.Rxd6 Qg5 24.f3 Rbd8  0-1

[Event "ch-BEL"]
[Site "Antwerp BEL"]
[Date "2011.07.10"]
[Round "9.1"]
[White "Popovic,Pe"]
[Black "Van der Stricht,G"]
[Result "1/2-1/2"]
[WhiteElo "2489"]
[BlackElo "2374"]

1.e4 c5 2.Nf3 d6 3.d4 cxd4 4.Nxd4 Nf6 5.Nc3 a6 6.g3 e5 7.Nb3 Be7 8.Bg2 b5
9.Nd5 Nxd5 10.Qxd5 Ra7 11.Be3 Be6 12.Qd2 Rd7 13.O-O-O Nc6 14.f4 O-O 15.Kb1 a5
16.Nc1 b4 17.f5 Bc4 18.Bf1 Bxf1 19.Rhxf1 d5 20.exd5 Nd4 21.Nd3 Rxd5 22.Qg2 Qd6
23.Nf2 Rd8 24.Ne4  1/2-1/2

[Event "3rd International Open"]
[Site "Rethymno GRE"]
[Date "2011.07.16"]
[Round "7"]
[White "Felgaer,R"]
[Black "Banikas,H"]
[Result "1/2-1/2"]
[WhiteElo "2573"]
[BlackElo "2593"]

1.e4 c5 2.Nf3 d6 3.d4 cxd4 4.Nxd4 Nf6 5.Nc3 a6 6.g3 e5 7.Nde2 b5 8.Bg5 Nbd7
9.Nd5 Be7 10.Bxf6 Nxf6 11.Nec3 Bb7 12.a4 b4 13.Nxf6+ Bxf6 14.Nd5 Rc8 15.b3 Rc5
16.Bc4 Bxd5 17.Bxd5 Qc7 18.O-O O-O 19.Bc4 a5 20.Qe2 Bd8 21.Rad1 Qe7 22.Rd3 Kh8
23.Rfd1 Bc7 24.Qg4 g6 25.Rf3 Bb6 26.h4 Rcc8 27.h5 f5 28.exf5 gxf5 29.Rxf5 Rxf5
30.Qxf5 Rf8 31.Qg4 Bxf2+ 32.Kg2 Be3 33.Rf1 Qe8 34.Rxf8+ Qxf8 35.Qe6 Kg7 36.Kh3 Bg5
37.Bd3 Qf6 38.Qd7+ Qe7 39.Qf5 Kh6 40.Be4 Kxh5 41.Kg2 Kh6 42.Qh3+ Kg7 43.Qxh7+ Kf8
44.Qh8+ Kf7 45.Bd5+ Kg6 46.Qg8+ Kf5 47.Qc8+ Kg6 48.g4 e4 49.Qf5+ Kg7 50.Bxe4 Qe5
51.Kf3 Qxf5+ 52.Bxf5 d5 53.Be6 Bd8 54.Bxd5 Kf6 55.Ke4 Kg5 56.Be6 Bc7 57.Kd5 Bd8
58.Kc6 Kf4 59.Bf5 Kg5 60.Kb5 Kf4 61.Kc4 Kg5 62.Kd3 Kf4 63.c3 bxc3 64.Kxc3 Be7  1/2-1/2

[Event "3rd International Open"]
[Site "Rethymno GRE"]
[Date "2011.07.16"]
[Round "7"]
[White "Faibisovich,V"]
[Black "Papadakis,M"]
[Result "1-0"]
[WhiteElo "2409"]
[BlackElo "2240"]

1.e4 c5 2.Nf3 d6 3.d4 cxd4 4.Nxd4 Nf6 5.Nc3 a6 6.g3 e5 7.Nde2 Nbd7 8.Bg2 b5
9.O-O Bb7 10.Nd5 Nxd5 11.exd5 Be7 12.a4 O-O 13.a5 Rc8 14.Be3 Qc7 15.c3 Qb8
16.Qd2 Qa8 17.Rfd1 Nc5 18.Nc1 f5 19.Ra3 Bf6 20.Na2 Rc7 21.Nb4 Qc8 22.Nc6 Ne4
23.Qd3 Bxc6 24.dxc6 Rxc6 25.Bxe4 fxe4 26.Qxe4 Be7 27.Raa1 Rc4 28.Qd5+ Kh8
29.Kg2 h6 30.Rd3 Qf5 31.f3 Qf6 32.Rf1 Qg6 33.b3 Rh4 34.Bb6 e4 35.Re3 exf3+
36.Rexf3 Rxf3 37.Rxf3 Kh7 38.Bd4 Re4 39.Rf7 Rxd4 40.cxd4 Bf6 41.Rc7 Qd3 42.Qf3 Qd2+
43.Kh3 Qxd4 44.Qf5+ Kg8 45.Rc8+ Kf7 46.Qh5+ Ke6 47.Re8+ Be7 48.Qe2+ Qe5 49.Qxe5+ dxe5
50.Ra8  1-0

[Event "St Pauli Open"]
[Site "Hamburg GER"]
[Date "2011.07.17"]
[Round "9.46"]
[White "Schirmer,W"]
[Black "Baberz,Alexander"]
[Result "1-0"]
[WhiteElo "2033"]
[BlackElo "1859"]

1.e4 c5 2.Nf3 d6 3.d4 cxd4 4.Nxd4 Nf6 5.Nc3 a6 6.g3 e5 7.Nde2 Be7 8.Bg2 O-O
9.O-O Nc6 10.h3 Be6 11.g4 Qa5 12.Ng3 d5 13.Nxd5 Bxd5 14.exd5 Rfd8 15.c4 Qc5
16.b3 b5 17.Be3 Qb4 18.Bd2 Qd6 19.Nf5 Qd7 20.dxc6  1-0

[Event "15th Battle of Senta Open"]
[Site "Senta SRB"]
[Date "2011.07.19"]
[Round "5.4"]
[White "Stankovic,Milo"]
[Black "Kumic,F"]
[Result "1/2-1/2"]
[WhiteElo "2364"]
[BlackElo "2088"]

1.e4 c5 2.Nf3 d6 3.d4 cxd4 4.Nxd4 Nf6 5.Nc3 a6 6.g3 e5 7.Nde2 Nbd7 8.Bg2 b5
9.h3 Bb7 10.g4 Rc8 11.a4 b4 12.Nd5 Nxd5 13.exd5 a5 14.O-O Ba6 15.Re1 Be7
16.Ng3 g6 17.Bd2 O-O 18.Bh6 Re8 19.Qd2 Bf8 20.Be3 Nc5 21.b3 Bg7 22.Rac1 Qc7
23.g5 Qd8 24.Bxc5 Rxc5 25.Ne4 Rc8 26.c3 bxc3 27.Rxc3 Rxc3 28.Qxc3 Bb7 29.Rd1 Qb6
30.Qe3 Qxe3 31.fxe3 Rd8 32.Nd2 e4 33.Nxe4 Be5 34.Bf1 Kg7 35.Bc4 Bc8 36.Kg2 h6
37.gxh6+ Kxh6 38.Rc1 Bb7 39.Nf2 Rc8 40.Nd3 Bf6 41.e4 Bd4 42.Kf3 Kg5 43.Bb5 Rxc1
44.Nxc1 Bc8 45.Bf1 Kh4 46.Ne2 Be5 47.Nc1 Bd4 48.Ne2 Be5 49.Nc1  1/2-1/2

[Event "4th d'Ille-et-Vilain Open"]
[Site "Rennes FRA"]
[Date "2011.07.20"]
[Round "6.10"]
[White "Jegourel,C"]
[Black "Siclet,M"]
[Result "1-0"]
[WhiteElo "2048"]
[BlackElo "1890"]

1.e4 c5 2.Nf3 d6 3.d4 cxd4 4.Nxd4 Nf6 5.Nc3 a6 6.g3 e5 7.Nde2 b5 8.Bg2 Bb7
9.h3 b4 10.Nd5 Nxd5 11.exd5 f5 12.Qd3 Qf6 13.Bd2 e4 14.Qd4 Qxd4 15.Nxd4 g6
16.Ne6 Kd7 17.Bxb4 Bxd5 18.Nxf8+ Rxf8 19.O-O-O Nc6 20.Ba3 Ne7 21.Rd4 Rf6
22.Rhd1 Rc8 23.Rxd5 Nxd5 24.Rxd5 Rc6 25.Bf1 Re6 26.Kd2 Re5 27.Rxe5 dxe5 28.Ke3 Rxc2
29.Bxa6 g5 30.Bb5+ Ke6 31.g4 f4+ 32.Kxe4 Rc1 33.b4 Re1+ 34.Kd3 e4+ 35.Kd4 e3
36.Bc4+ Kd6 37.b5+ Kc7 38.fxe3 Rxe3 39.Bc5 Kb8 40.b6 Rxh3 41.Bd5 Rh6 42.Ke5  1-0

[Event "20th ch-MKD Open"]
[Site "Struga MKD"]
[Date "2011.07.23"]
[Round "8"]
[White "Gochev,M"]
[Black "Petrovski,I"]
[Result "0-1"]
[WhiteElo "2292"]
[BlackElo "2234"]

1.e4 c5 2.Nf3 d6 3.d4 cxd4 4.Nxd4 Nf6 5.Nc3 a6 6.g3 e6 7.Bg2 Be7 8.O-O Qc7
9.Be3 Nc6 10.f4 O-O 11.Nb3 b5 12.g4 Bb7 13.g5 Nd7 14.Qe2 Rfe8 15.Rf3 b4 16.Na4 Nd8
17.Rh3 g6 18.c4 Bc6 19.Qf2 Bxa4 20.Qh4 Nf8 21.f5 e5 22.f6 Nde6 23.Qh6 Bd8
24.Rf1 Bxb3 25.axb3 Qb7 26.c5 dxc5 27.Bf3 Bb6 28.Bg4 Red8 29.Rhf3 c4 30.Bxb6 Qxb6+
31.Kh1 Rd3 32.Bxe6 Nxe6 33.bxc4 Rxf3  0-1

[Event "2nd ch-Vojvodina"]
[Site "Novi Sad SRB"]
[Date "2011.07.25"]
[Round "3.12"]
[White "Petkovic,R"]
[Black "Kusina,J"]
[Result "1-0"]
[WhiteElo "2280"]
[BlackElo "2092"]

1.e4 c5 2.Nf3 d6 3.d4 cxd4 4.Nxd4 Nf6 5.Nc3 a6 6.g3 e5 7.Nde2 Be6 8.Bg2 Be7
9.h3 Nbd7 10.O-O O-O 11.a4 Qc7 12.b3 Rac8 13.a5 Nb8 14.Be3 Nfd7 15.Qd2 Nc6
16.Nd5 Bxd5 17.exd5 Ncb8 18.c4 Nc5 19.Rab1 f5 20.Rfc1 Ne4 21.Bxe4 fxe4 22.Nc3 Qxa5
23.Nxe4 Qc7 24.c5 Qd7 25.Kg2 Rfd8 26.cxd6 Bxd6 27.Bb6 Re8 28.Rc4 Qe7 29.Rbc1 Rxc4
30.Rxc4 h6 31.Qc3 Rf8 32.Bc7 Bxc7 33.Rxc7 Nd7 34.d6 Qf7 35.Qc4 b5 36.Qxf7+ Rxf7
37.Ra7 Nf6 38.Nxf6+ gxf6 39.d7  1-0

[Event "Czech GM Open A"]
[Site "Pardubice CZE"]
[Date "2011.07.28"]
[Round "7.84"]
[White "Tjurin,A"]
[Black "Pirverdiyev,A"]
[Result "1/2-1/2"]
[WhiteElo "2303"]
[BlackElo "2050"]

1.e4 c5 2.Nf3 d6 3.d4 cxd4 4.Nxd4 Nf6 5.Nc3 a6 6.g3 e6 7.Bg2 Be7 8.O-O O-O
9.h3 Qc7 10.a4 Nc6 11.Nde2 b6 12.Be3 Bb7 13.g4 Na5 14.b3 Nd7 15.Qd2 Nc6 16.Rac1 Rfd8
17.f4 Nc5 18.f5 Ne5 19.fxe6 fxe6 20.Nd4 Nc6 21.g5 Rf8 22.Rxf8+ Bxf8 23.Rf1 Re8
24.Qf2 Ne5 25.Nde2 g6 26.Bd4 Bg7 27.Qg3 Qe7 28.h4 Rf8 29.Rxf8+ Qxf8 30.Qe3 Nc6
31.Bxg7 Qxg7 32.Nd1 Ne5 33.Nf2 Qe7 34.Qc3 a5 35.Qg3 Kg7 36.Qc3 Kg8 37.Qg3  1/2-1/2

[Event "2nd ch-Vojvodina"]
[Site "Novi Sad SRB"]
[Date "2011.07.30"]
[Round "9.18"]
[White "Brujic,B"]
[Black "Skrivanko,T"]
[Result "1-0"]
[WhiteElo "2188"]
[BlackElo "1918"]

1.e4 c5 2.Nf3 d6 3.d4 cxd4 4.Nxd4 Nf6 5.Nc3 a6 6.g3 Qc7 7.Bg2 b5 8.e5 Bb7
9.exd6 exd6 10.O-O Bxg2 11.Re1+ Be7 12.Nf5 Kf8 13.Rxe7 Qc6 14.Qe2 Bd5 15.Bf4 Nbd7
16.Bxd6 Kg8 17.Re5 Qxd6 18.Nxd6 Nxe5 19.Nxd5 Nxd5 20.Qxe5 Nf6 21.Nf5 h5 22.Ne7+ Kh7
23.Qf5+ Kh6 24.h4 Rhe8 25.Qg5+ Kh7 26.Nf5 Rg8 27.Re1 Ra7 28.Re8  1-0

[Event "15th HZ Open"]
[Site "Vlissingen NED"]
[Date "2011.07.30"]
[Round "1"]
[White "Smits,B"]
[Black "Bezemer,A"]
[Result "0-1"]
[WhiteElo "1875"]
[BlackElo "2348"]

1.e4 c5 2.Nf3 d6 3.d4 cxd4 4.Nxd4 Nf6 5.Nc3 a6 6.g3 e5 7.Nde2 Be7 8.a4 Nbd7
9.Bg2 O-O 10.O-O b6 11.h3 Bb7 12.g4 Rc8 13.Ng3 Nc5 14.Nd5 Nxd5 15.exd5 Bg5
16.Bxg5 Qxg5 17.Nf5 Qf6 18.b4 Nd7 19.Qd3 g6 20.Ne3 Qf4 21.c4 a5 22.Qd2 Ba6
23.bxa5 bxa5 24.Qxa5 Nc5 25.Rab1 Bxc4 26.Nxc4 Qxc4 27.Rb6 e4 28.Qd2 Nxa4
29.Rxd6 Nc3 30.Re1 Rfd8 31.Rxd8+ Rxd8 32.d6 Qc6 33.Re3 Nb5 34.Rxe4 Qxd6 35.Qxd6 Rxd6
36.Rb4 Nd4 37.Rb2 g5 38.Ra2 Kg7 39.Be4 Ne6 40.Rc2 Nf4 41.Ra2 Nxh3+ 42.Kh2 Nf4
43.Rc2 Rh6+ 44.Kg1 Rb6 45.Ra2 Rd6 46.Rc2 Rd1+ 47.Kh2 Re1 48.Bf3 Nd3 49.Kg2 Ra1
50.Kg3 Ra3 51.Re2 Nf4 52.Re3 Ra2 53.Rb3 Rd2 54.Ra3 Nd3 55.Bd5 Nxf2 56.Bxf7 Nh1+
57.Kf3 Rf2+ 58.Ke3 Rxf7 59.Ra2 Ng3  0-1